Statistics for 4-Letter American TV Chain

Click here to take the quiz!

General Stats

  • This quiz has been taken 8,974 times
  • The average score is 21 of 30

Answer Stats

HintAnswer% Correct
Simon Cowell show: American ____Idol
94%
Animated show: ____ of the HillKing
92%
Young red MuppetElmo
92%
"30 Rock" actor BaldwinAlec
90%
Show about a high school choirGlee
88%
Soap opera: The ____ of our LivesDays
88%
He's smarter than the average bearYogi
87%
One of the "Friends"Ross
85%
Something hunted by Steve IrwinCroc
85%
David Lynch show: ____ PeaksTwin
84%
Big-chinned late night hostLeno
82%
Captain of the U.S.S. EnterpriseKirk
82%
Garfield's canine companionOdie
76%
Military forensics showNCIS
73%
Lord Grantham's noble rankEarl
72%
Last name of Luke, Bo, and DaisyDuke
72%
Actor EstradaErik
70%
The Muppets had a Swedish oneChef
68%
Something that Pepé le Pew hadOdor
66%
Ed McMahon show: ____ SearchStar
66%
ESPN awardEspy
65%
"You known nothing, Jon ____"Snow
63%
The car from "Knight Rider"KITT
62%
He said "Ayyy!"Fonz
57%
Michael J. Fox show: ____ CitySpin
57%
MTV show: ____ RulesRoad
53%
"Saved by the Bell" preppyZack
53%
"Smallville" girl next door: ____ LangLana
52%
Beaver Cleaver's dadWard
42%
Tobias is never thisNude
27%

Score Distribution

Percentile by Number Answered

Percent of People with Each Score

Your Score History

You have not taken this quiz